LEADER 00986nam0-22003851i-450 001 990001873680403321 005 20190925120553.0 010 $a88-206-0934-7 035 $a000187368 035 $aFED01000187368 035 $a(Aleph)000187368FED01 035 $a000187368 100 $a20030910d1980----km-y0itay50------ba 101 0 $aita 102 $aIT 105 $ay-------001yy 200 1 $aCorso di estimo$fIgino Michieli 205 $a8. ed. 210 $aBologna$cEdagricole$d1980 215 $av.$d24 cm 327 0 $a2.: Estimo rurale civile e catastale 610 0 $aEstimo civile 610 0 $aEstimo catastale 610 0 $aEstimo rurale 676 $a333.332 676 $a333.335 676 $a333.337 700 1$aMichieli,$bIgino$01394 801 0$aIT$bUNINA$gRICA$2UNIMARC 901 $aBK 912 $a990001873680403321 952 $a60 333.332 MICI-1 1980$bedisu$fFAGBC 959 $aFAGBC 996 $aCorso di estimo$947442 997 $aUNINA LEADER 01811nam 2200553 450 001 9910814332103321 005 20160803134623.0 010 $a1-78348-906-5 035 $a(CKB)3710000000885318 035 $a(PQKBManifestationID)16494530 035 $a(PQKBWorkID)15027535 035 $a(PQKB)21888068 035 $a(MiAaPQ)EBC4707755 035 $a(EXLCZ)993710000000885318 100 $a20160614h20162016 uy| 0 101 0 $aeng 135 $aurcnu|||||||| 181 $ctxt 182 $cc 183 $acr 200 04$aThe future of meat without animals /$fedited by Brianne Donaldson and Christopher Carter 210 1$aLanham :$cRowman & Littlefield International,$d[2016] 210 4$d©2016 215 $a1 online resource (147 pages) $ccolor illustrations 225 0 $aFuture perfect: images of the time to come in philosophy, politics and cultural studies 300 $aBibliographic Level Mode of Issuance: Monograph 311 $a1-78348-907-3 311 $a1-78348-905-7 320 $aIncludes bibliographical references and index. 606 $aMeat substitutes 606 $aArtificial foods 606 $aAnimal culture$xMoral and ethical aspects 606 $aMeat industry and trade$xMoral and ethical aspects 606 $aAnimal welfare 615 0$aMeat substitutes. 615 0$aArtificial foods. 615 0$aAnimal culture$xMoral and ethical aspects. 615 0$aMeat industry and trade$xMoral and ethical aspects. 615 0$aAnimal welfare. 676 $a664/.9 702 $aDonaldson$b Brianne 702 $aCarter$b Christopher 801 0$bMiAaPQ 801 1$bMiAaPQ 801 2$bMiAaPQ 906 $aBOOK 912 $a9910814332103321 996 $aThe future of meat without animals$94003052 997 $aUNINA LEADER 02444oam 2200553 c 450 001 9911003658703321 005 20260302090207.0 010 $a3-7815-6170-4 024 3 $a9783781561700 035 $a(CKB)39094368300041 035 $a(Verlag Julius Klinkhardt)9783781561700 035 $a(EXLCZ)9939094368300041 100 $a20260302d2025 uy 0 101 0 $ager 135 $aur||||||||||| 181 $ctxt$2rdacontent 182 $cc$2rdamedia 183 $acr$2rdacarrier 200 00$aBildungsethik$ePhilosophie und Bildungswissenschaften im Dialog$fSabrina Bacher 205 $a1st ed. 210 $aBad Heilbrunn$cVerlag Julius Klinkhardt$d2025 215 $a1 online resource (222 p.) 311 08$a3-7815-2710-7 330 $aBildung und Ethik sind eng miteinander verwoben. Der vorliegende Sammelband beleuchtet theoretische Grundlagen, Zielsetzungen und Prinzipien der Bildungsethik. Zudem veranschaulicht er deren Relevanz anhand paradigmatischer Anwendungsbeispiele, erweitert den Horizont und eröffnet neue Zukunftsperspektiven. Die Bildungsethik ist ein essenzielles, wenn auch bisher wenig etabliertes Forschungsfeld an der Schnittstelle von Bildungswissenschaften und philosophischer Ethik. Eine interdisziplinäre Vernetzung ist daher entscheidend, um ethische Grundlagen mit bildungswissenschaftlichen Fragestellungen zu verknüpfen. Dieser Ansatz ermöglicht es, den wissenschaftlichen Diskurs zu vertiefen und praxisrelevante Impulse zu setzen. Damit trägt der Band sowohl zur Weiterentwicklung der Bildungsforschung bei als auch zur sichtbaren Erweiterung der Angewandten Ethik um eine wesentliche Dimension. 606 $aBildungsethik 606 $aFormale Bildung 606 $aBildungswissenschaften 606 $aPhilosophie 606 $aInterdisziplinarität 606 $aVerantwortung 606 $aWertebildung 606 $aLehrerbildung 606 $aPartizipation 615 4$aBildungsethik 615 4$aFormale Bildung 615 4$aBildungswissenschaften 615 4$aPhilosophie 615 4$aInterdisziplinarität 615 4$aVerantwortung 615 4$aWertebildung 615 4$aLehrerbildung 615 4$aPartizipation 702 $aBacher$b Sabrina$4edt 801 0$bVerlag Julius Klinkhardt 801 1$bVerlag Julius Klinkhardt 906 $aBOOK 912 $a9911003658703321 996 $aBildungsethik$94385104 997 $aUNINA